=LDR 00000nam 2200000 4500 =001 INLIS000000000048113 =005 20160512125825.0 =006 =007 =008 =020 ##$$a 978-979-29-1370-5 =035 ##$$0010-051600000000018 =082 ##$$a 921 =090 ##$$a 921-KUM-G =100 ##$$a Kumara Ari Yuana =245 ##$$a The Greatest Philosophers =250 ##$$a ed. I =260 ##$$a Yogyakarta $b ANDI $c 2010 =300 ##$$a xiv, 394 hlm $c 23 cm =700 ##$$a NBPNMAT =990 ##$$a 0001/BPAP-NTB/2016 =990 ##$$a 0001/BPAP-NTB/2016 =990 ##$$a 0023/BPAP-NTB/2017 =990 ##$$a 21602838/BPAP-NTB/2017